The Future for the Defence Industry : (Record no. 615213)

MARC details
000 -LEADER
fixed length control field 00498nam a2200193 a 4500
008 - FIXED-LENGTH DATA ELEMENTS--GENERAL INFORMATION
fixed length control field 260221s1990##################000#0#eng##
020 ## - INTERNATIONAL STANDARD BOOK NUMBER
ISBN 9780951728307
082 04 - DEWEY DECIMAL CLASSIFICATION NUMBER
Classification number 338.4762
Item number KIE
100 1# - MAIN ENTRY--AUTHOR NAME
Personal name Kiely, David G.,
245 10 - TITLE STATEMENT
Title The Future for the Defence Industry :
260 ## - PUBLICATION, DISTRIBUTION, ETC. (IMPRINT)
Year of publication 1990.
300 ## - PHYSICAL DESCRIPTION
Number of Pages 282 pages
650 #0 - SUBJECT ADDED ENTRY--TOPICAL TERM
Topical Term Defense contracts.
942 ## - ADDED ENTRY ELEMENTS (KOHA)
Koha item type English Books
Holdings
Withdrawn status Lost status Damaged status Not for loan Home library Current library Shelving location Date acquired Full call number Accession Number Price effective from Koha item type
        Anna Centenary Library Anna Centenary Library 4TH FLOOR, A WING 21.02.2026 338.4762 KIE 434186 21.02.2026 English Books

Find us on the map